000 00367pab a2200145 454500
008 180718b2015 xxu||||| |||| 00| 0 eng d
100 _aRita Kumari
245 _aWomen economic empowerment: facts and recommendations
260 _c2015
300 _ap.80-88.
362 _aJan-Jun & Jul-Dec
650 _aWomen
773 _aReview of Politics
909 _a115865
999 _c115859
_d115859